Asymmetric Reactions of Retail Gasoline Prices on the Changes in Crude Oil Prices in Chosen US Cities
Mnohé empirické štúdie uvádzajú, že maloobchodné ceny benzínu a nafty reagujú rýchlejšie, keď cena ropy stúpa, a nie klesá. V príspevku potvrdzujeme tieto asymetrické reakcie maloobchodných cien palív vo vybraných mestách Spojených štátov amerických. Na odvodenie nelineárnych maloobchodných funkcií...
Guardado en:
| Autor principal: | |
|---|---|
| Otros Autores: | , |
| Formato: | Capítulo de libro |
| Lenguaje: | inglés |
| Materias: | |
| Etiquetas: |
Sin Etiquetas, Sea el primero en etiquetar este registro!
|
MARC
| LEADER | 00000naa$a2200000$$$4500 | ||
|---|---|---|---|
| 001 | 0289975 | ||
| 005 | 20240502083933.9 | ||
| 041 | 0 | |a eng | |
| 044 | |a HR | ||
| 245 | 1 | 0 | |a Asymmetric Reactions of Retail Gasoline Prices on the Changes in Crude Oil Prices in Chosen US Cities |c Karol Szomolányi, Martin Lukáčik, Adriana Lukáčiková |
| 520 | |a Mnohé empirické štúdie uvádzajú, že maloobchodné ceny benzínu a nafty reagujú rýchlejšie, keď cena ropy stúpa, a nie klesá. V príspevku potvrdzujeme tieto asymetrické reakcie maloobchodných cien palív vo vybraných mestách Spojených štátov amerických. Na odvodenie nelineárnych maloobchodných funkcií reakcie na benzín a naftu používame funkciu úpravy nákladov v lineárno-exponenciálnej forme. Zodpovedajúci model sa odhaduje pomocou systémovej zovšeobecnenej metódy momentov. Model nám umožňuje vypočítať priemerné odchýlky cien benzínu a nafty o jeden galón z nárastu ropy o jeden dolár za barel spôsobených danými asymetrickými reakciami. Priemerné predsudky sa v jednotlivých mestách líšia; ich hodnoty sa pohybujú od 0,02 centov v Los Angeles do 0,44 centov v Clevelande. | ||
| 610 | 2 | 0 | |a ceny |
| 610 | 2 | 0 | |a komodity |
| 610 | 2 | 0 | |a maloobchod |
| 610 | 2 | 0 | |a trh akciový |
| 610 | 2 | 0 | |a trh burzový |
| 100 | 1 | |a Szomolányi, Karol, 1976- | |
| 700 | 1 | |a Lukáčik, Martin, 1974- | |
| 700 | 1 | |a Lukáčiková, Adriana, 1971- | |